Culture Générale - Série 1278 - Statistiques

Statistiques générales
  • Ce quiz a été pris 94 fois
  • Le résultat moyen est 5 sur 10
Statistiques - réponses
Question Réponse % Correct
Elle chante, elle garde des enfants et vole grâce à son parapluie. Qui est elle ? Mary Poppins
92%
Comment se nomme un vers de 12 syllabes ? alexandrin
88%
Quelle est la plus grande île de la Méditerranée ? Sicile
87%
Dans quelle ville asiatique auront lieu les J.O. d'hiver de 2022 ? Pékin
64%
Quel est le célèbre peintre, auteur du tableau "Femmes de Tahiti" (1891) ? Paul Gauguin
60%
Quel sport pratiquait Maurice Herzog ? alpinisme
46%
Quel dessinateur a créé Gaston Lagaffe ? Franquin
46%
Quel surnom d'animal a été donné à l'écrivaine féministe Simone de Beauvoir ? castor
27%
Dans quel pays se situe la plus grande piscine du monde, longue de 1 013 m, profonde de 3,5 m au maximum, et contient 250 millions de litres d'eau de mer ? Chili
4%
Quel animal vertébré possède le plus grand nombre de vertèbres cervicales ? cygne
2%
Aucun quiz correspondant
Distribution des résultats
% des personnes avec chaque résultat
Percentile par nombre de réponses
Votre historique - résultats
Vous n’avez pas pris ce quiz